000 04370cam a22008057i 4500
001 23893710
003 BJBSDDR
005 20260430164712.0
006 a|||||r|||| 00| 0
007 ta
008 241016s2021 nyu r 001 0deng d
010 _a 2024404898
020 _a9781982152031
_q(hardcover)
020 _a1982152036
_q(hardcover)
020 _a9781982152048
_q(paperback)
020 _a1982152044
_q(paperback)
020 _z9781982152055
_q(ebook)
035 _a23893710
035 _a(OCoLC)1242982305
040 _aWIQ
_beng
_erda
_cWIQ
_dOCO
_dOCLCO
_dCLE
_dHBP
_dOCLCO
_dGRC
_dGL5
_dYDX
_dCPL
_dOCLCF
_dILC
_dJPL
_dTCH
_dOCLCQ
_dOCLCO
_dCLE
_dOCLCL
_dDLC
041 _aeng
042 _alccopycat
043 _an-us---
050 0 0 _aPN1992.4.A2
_bK23c 2021
082 0 4 _a791.4502/8092
_223
100 1 _aKay, Michael,
_d1961-
_eauthor.
_948242
245 1 0 _aCenterStage :
_bmy most fascinating interviews--from A-Rod to Jay-Z /
_cMichael Kay.
246 3 _aCenter stage :
_bmy most fascinating interviews--from A-Rod to Jay-Z
250 _aFirst Scribner hardcover edition.
264 1 _aNew York, NY :
_bScribner,
_c2021.
300 _axx, 361 pages ;
_c24 cm
336 _atext
_btxt
_2rdacontent
337 _aunmediated
_bn
_2rdamedia
338 _avolume
_bnc
_2rdacarrier
500 _a"An impressive range of sports and entertainment stars sit down for friendly chats."--Kirkusreviews.com
500 _aIncludes index.
505 0 _apart 1. They did it their way: A-Rod (2003) ; Bill Parcells (2002) ; Sly Stallone (2003) ; Joe Namath (2006) ; Red Auerbach (2004) ; Jerry Jones (2008) ; George Foreman (2004) ; Andre Agassi (2009) ; Mike Tyson (2010) ; Bob Costas (2002 and 2017) -- part 2. They showed us what is possible: Bill Russell (2009) ; Joe Montana (2006) ; Bobby Orr (2013) ; Paul Simon (2009) ; Jon Bon Jovi (2004) ; Steve Young (2002) ; Chris Evert (2002) ; Lindsey Vonn (2010) ; David Halberstam (2005) -- part 3. They made us laugh: Lorne Michaels (2008) ; Billy Crystal (2002 and 2012) ; Adam Sandler (2011) ; Yogi Berra (2005) ; Charles Barkley (2006) ; Seth Meyers (2015) ; Alan Alda (2015) ; Larry David (2007) ; Rob Reiner (2014) -- part 4. They pushed the boundaries: Quentin Tarantino (2007) ; Kareem Abdul-Jabbar (2004) ; Serena Williams (2004) ; Lawrence Taylor (2009) ; John McEnroe (2010) ; Snoop Dogg (2008) ; Jay-Z (2006).
520 _aFor nearly two decades as CenterStage's host, Kay has conducted hourlong conversations with American pop culture's most intriguing personalities. Here he has gathered the conversations that best exemplify the show's distinctive blend of humor, inspiration, and self-revelation. Kay also includes behind-the-scenes stories. -- adapted from jacket
600 1 0 _aKay, Michael,
_d1961-
650 0 _aCelebrities
_vInterviews.
650 0 _aTelevision personalities
_zUnited States
_vBiography.
650 0 _aAthletes
_zUnited States
_vBiography.
650 6 _aCélébrités
_vEntretiens.
650 6 _aSportifs
_zÉtats-Unis
_vBiographies.
650 7 _aBIOGRAPHY & AUTOBIOGRAPHY
_xEntertainment & Performing Arts.
_2bisacsh
650 7 _aBIOGRAPHY & AUTOBIOGRAPHY
_xRich & Famous.
_2bisacsh
650 7 _aAthletes.
_2fast
_0(OCoLC)fst00820027
650 7 _aCelebrities.
_2fast
_0(OCoLC)fst00850072
650 7 _aTelevision personalities.
_2fast
_0(OCoLC)fst01146966
651 7 _aUnited States.
_2fast
_0(OCoLC)fst01204155
_1https://id.oclc.org/worldcat/entity/E39PBJtxgQXMWqmjMjjwXRHgrq
655 2 _aInterview
655 2 _aAutobiography
655 2 _aBiography
655 7 _ainterviews.
_2aat
655 7 _aAutobiographies.
_2fast
_0(OCoLC)fst01919894
655 7 _aBiographies.
_2fast
_0(OCoLC)fst01919896
655 7 _aInterviews.
_2fast
_0(OCoLC)fst01423832
655 7 _aInterviews.
_2lcgft
655 7 _aAutobiographies.
_2lcgft
655 7 _aBiographies.
_2lcgft
655 7 _aInterviews.
_2rvmgf
655 7 _aAutobiographies.
_2rvmgf
655 7 _aBiographies.
_2rvmgf
730 0 _aCenterStage (Television program)
758 _ihas work:
_aCenterStage (Text)
_1https://id.oclc.org/worldcat/entity/E39PCGf67KVJQVMywTytprJRrq
_4https://id.oclc.org/worldcat/ontology/hasWork
906 _a7
_bcbc
_ccopycat
_d2
_encip
_f20
_gy-gencatlg
942 _2lcc
_n0
_cBK
946 _illh
999 _c126978
_d126978